12 Angry Men Jurors Quiz - Statistics

General Stats
  • This quiz has been taken 44 times
  • The average score is 10 of 12
Answer Stats
Picture Answer % Correct
Juror 3
94%
Juror 8
94%
Juror 9
91%
Juror 1
88%
Juror 4
88%
Juror 7
84%
Juror 2
81%
Juror 5
81%
Juror 6
81%
Juror 10
78%
Juror 11
78%
Juror 12
78%
No matching quizzes found
Score Distribution
Percent of People with Each Score
Percentile by Number Answered
Your Score History
You have not taken this quiz